000 00705nam a22002177a 4500
999 _c8781
_d8781
003 AR-CdUCM
008 190326b ||||| |||| 00| 0 spa d
020 _a978-612-4546-0-8
040 _aMUNICIPALIDAD PROVINCIAL DEL CUSCO
_cBIBLIOTECA MUNICIPAL DEL CUSCO
082 _22ed.
_a985.612 /
_bV28
100 _aVargas Carbajal, Flavio
_924483
245 _aSantuario histórico de Machupiccchu /
260 _aCusco :
_bBiblioteca Nacional del Perú,
_c2009.
300 _a40 paginas ;
_bIlustraciones
_c23 cm.
505 _aContenido :Santuario de Machupicchu /
650 _aHistoria
_9136
650 _aGeografia
_9318
650 _aCusco - Machupicchu
_924484
942 _2ddc
_cLIBROS
945 _arjall